| 000 | 00000nas 2200000za 4500 |
| 001 | 9.503265 |
| 003 | CaOODSP |
| 005 | 20221107133237 |
| 007 | cr ||||||||||| |
| 008 | 150406d20092012mbcar p o f0 b0fre|d |
| 022 | |a1920-9088 |
| 040 | |aCaOODSP|bfre |
| 043 | |an-cn--- |
| 086 | 1 |aA92-29F-PDF |
| 245 | 00|aQualité des pois chiches de l'Ouest canadien |h[ressource électronique]. |
| 260 | |aWinnipeg : |bCommission canadienne des grains, |c[2009]-2012. |
| 310 | |aAnnuel |
| 362 | 1 |aParaît depuis 2009 ; ne paraît plus après 2012. |
| 500 | |aL'ISSN (1920-907X) pour l'édition en anglais a été incorrectement imprimé dans l'édition en français. |
| 500 | |aPublié aussi en anglais sous le titre : Quality of western Canadian chickpeas. |
| 500 | |a« Il n’existe pas de rapports sur la qualité pour les campagnes 2011 et 2013 à 2016 en raison d’un nombre insuffisant d’échantillons »--Site Web de l'éditeur. |
| 580 | |aFait suite après scission à : Qualité des légumineuses de l'Ouest canadien. |
| 710 | 2 |aCommission canadienne des grains. |
| 775 | 08|tQuality of western Canadian chickpeas |w(CaOODSP)9.506868 |
| 780 | 00|tQualité des légumineuses de l'Ouest canadien |w(CaOODSP)9.503639 |